Pensionnaire et co-soignant à La Chesnaie (notice n° 1634627)
[ vue normale ]
| 000 -LEADER | |
|---|---|
| fixed length control field | 01238cam a2200229 4500500 |
| 005 - DATE AND TIME OF LATEST TRANSACTION | |
| control field | 20260111132233.0 |
| 041 ## - LANGUAGE CODE | |
| Language code of text/sound track or separate title | fre |
| 042 ## - AUTHENTICATION CODE | |
| Authentication code | dc |
| 100 10 - MAIN ENTRY--PERSONAL NAME | |
| Personal name | Lecocq, Daniel |
| Relator term | author |
| 245 00 - TITLE STATEMENT | |
| Title | Pensionnaire et co-soignant à La Chesnaie |
| 260 ## - PUBLICATION, DISTRIBUTION, ETC. | |
| Date of publication, distribution, etc. | 2025.<br/> |
| 500 ## - GENERAL NOTE | |
| General note | 35 |
| 520 ## - SUMMARY, ETC. | |
| Summary, etc. | Daniel a été pensionnaire à La Chesnaie pendant des décennies. Avec des allées-venues, du temps plein, de l’hôpital de jour. Il a même, un temps, été moniteur. Daniel est aussi un puits de culture et une mémoire de l’institution. En 2004, pour le numéro 200 du journal de la clinique, La Souk, il proposait une réflexion sur le soin, sur la co-soignance, sur les attitudes intentionnelles qui fondent la posture co-soignante des pensionnaires, sur l’importance de la prise de conscience de cette fonction. En somme, une sorte de guide pour devenir co-soignant. |
| 690 ## - LOCAL SUBJECT ADDED ENTRY--TOPICAL TERM (OCLC, RLIN) | |
| Topical term or geographic name as entry element | attitude |
| 690 ## - LOCAL SUBJECT ADDED ENTRY--TOPICAL TERM (OCLC, RLIN) | |
| Topical term or geographic name as entry element | Clinique |
| 690 ## - LOCAL SUBJECT ADDED ENTRY--TOPICAL TERM (OCLC, RLIN) | |
| Topical term or geographic name as entry element | co-soignance |
| 690 ## - LOCAL SUBJECT ADDED ENTRY--TOPICAL TERM (OCLC, RLIN) | |
| Topical term or geographic name as entry element | contact |
| 690 ## - LOCAL SUBJECT ADDED ENTRY--TOPICAL TERM (OCLC, RLIN) | |
| Topical term or geographic name as entry element | humour |
| 690 ## - LOCAL SUBJECT ADDED ENTRY--TOPICAL TERM (OCLC, RLIN) | |
| Topical term or geographic name as entry element | institution |
| 786 0# - DATA SOURCE ENTRY | |
| Note | VST - Vie sociale et traitements | 168 | 4 | 2025-12-05 | p. 48-49 | 0396-8669 |
| 856 41 - ELECTRONIC LOCATION AND ACCESS | |
| Uniform Resource Identifier | <a href="https://shs.cairn.info/revue-vst-vie-sociale-et-traitements-2025-4-page-48?lang=fr&redirect-ssocas=7080">https://shs.cairn.info/revue-vst-vie-sociale-et-traitements-2025-4-page-48?lang=fr&redirect-ssocas=7080</a> |
Pas d'exemplaire disponible.




Réseaux sociaux